000 00765nam a2200265Ia 4500
003 OSt
005 20220926032323.0
006 a|||||r|||| 00| 0
007 ta
008 220923b |||||||| |||| 00| 0 eng d
020 _a039101210X
037 _cGeneral Book
040 _aRTL
_cRTL
_beng
041 _2eng
_aeng
082 _aX:3L.42.N6, K4
100 _aUNO Kozo
_9123983
245 0 _aPrinciples of political economy
_b Theory of a purel
260 _aSussex
_bHarvester Press
_c1964
300 _axxviii, 224p
_ccm.
490 _aMarxist theory and contemporary capitalism , 24
500 _aAppendix P 171-218
650 _awages
_9229845
942 _hX:3L.42.N6, K4
_cGB
_2CC
999 _c654395
_d654395